000 01244nam a2200229Ia 4500
001 L241-13482
003 IT-CnALBA
008 170116s9999||||xx |||||||||||||| ||und||
040 _aIT-CnALBA
_cIT-CnALBA
041 _aLATINO
100 _aBERTOLOTTI GIUSEPPE, MONS.
245 0 _aSYLLOGE CASUUM: EX RE DOGMATICA, MORALI, CANONICA ET LITURGICA. VOL. I.
250 _a2a ed.
260 _aROMA
_bPROPAGANDA FIDE. PONTIFICIO ISTIT. ROMA'
_c1893 [1° Ed.: n.d.]
300 _a532 p. (prefazione: 1)
500 _aINDICE ANALITICO. ASSOLUZIONE. ABORTO. BATTESIMO. BENEDIZIONI. BENEFICI ECCLESIASTICI. BREVIARIO. CENSURE. CONFESSIONE. DIVORZIO. EUCARISTIA. SCOMUNICHE. OMICIDIO. INDULGENZE. DIGIUNO. MATRIMONIO. MESSA. PARROCCHIA. SUFFRAGI. UNZIONE DEGLI INFERMI. VOTO.
501 _aSocietà San Paolo EM - Piazza San Paolo, 14 - 12051 ALBA (CN) (non commercial uses only) ® Copyright 2017
520 _aINDICE ANALITICO. ASSOLUZIONE. ABORTO. BATTESIMO. BENEDIZIONI. BENEFICI ECCLESIASTICI. BREVIARIO. CENSURE. CONFESSIONE. DIVORZIO. EUCARISTIA. SCOMUNICHE. OMICIDIO. INDULGENZE. DIGIUNO. MATRIMONIO. MESSA. PARROCCHIA. SUFFRAGI. UNZIONE DEGLI INFERMI. VOTO.
650 _aMORALE CATTOLICA
942 _cBK
957 _71
999 _a18235
_bSI
_g Copie: 1
_c272658
_d272658